000 00785nam a2200181 a 4500
005 20140414131931.0
008 101206s19uu xx 00 eng d
020 _a0394896173
050 _aREF 582.16
_bB93 2000
100 _aBurnie, David
245 _aTree. /
_cwritten by David Burnie ; [special photography, Peter Chadwick, Philip Dowell, and Kim Taylor].
260 _aNew York :
_bDorling Kindersley,
_c2000.
440 _aEyewitness books
500 _aIncludes index.
520 _aPhotographs and text explore the anatomy and life cycle of trees, examining the different kinds of bark, seeds, and leaves, the commercial processing of trees to make lumber, the creatures that live in trees, and other aspects.
650 _aTrees
_x Juvenile literature.
999 _c112201
_d112201